A video production on the funding of independence films in the Philippines / (Record no. 285015)
[ view plain ]
| 000 -LEADER | |
|---|---|
| fixed length control field | 00751nam a2200193Ia 4500 |
| 008 - FIXED-LENGTH DATA ELEMENTS--GENERAL INFORMATION | |
| fixed length control field | 150609s9999 xx 000 0 und d |
| 050 ## - LIBRARY OF CONGRESS CALL NUMBER | |
| Classification number | PN 1995.9.P7 |
| Item number | .E838 2015 |
| 100 ## - MAIN ENTRY--PERSONAL NAME | |
| Personal name | Escudero, Anna Celina M. |
| 245 #2 - TITLE STATEMENT | |
| Title | A video production on the funding of independence films in the Philippines / |
| Statement of responsibility, etc | Anna Celine M. Escudero, Jemima Henry T. Go, Ivana Ysabelle I. Roces, Maria Mykka Patricia S.P. Soller. |
| 260 ## - PUBLICATION, DISTRIBUTION, ETC. (IMPRINT) | |
| Place of publication, distribution, etc | Las Piñas, Philippines : |
| Name of publisher, distributor, etc | SISC, |
| Date of publication, distribution, etc | 2015. |
| 300 ## - PHYSICAL DESCRIPTION | |
| Extent | 93 pages : |
| Other physical details | color illustrations ; |
| Dimensions | 28 cm. |
| 500 ## - GENERAL NOTE | |
| General note | Includes bibliographical references and appendices. |
| 650 ## - SUBJECT ADDED ENTRY--TOPICAL TERM | |
| Topical term or geographic name as entry element | Independent Films |
| 650 ## - SUBJECT ADDED ENTRY--TOPICAL TERM | |
| Topical term or geographic name as entry element | Independent Films |
| 650 ## - SUBJECT ADDED ENTRY--TOPICAL TERM | |
| Topical term or geographic name as entry element | Motion Pictures |
| 650 ## - SUBJECT ADDED ENTRY--TOPICAL TERM | |
| General subdivision | Funding |
| 650 ## - SUBJECT ADDED ENTRY--TOPICAL TERM | |
| General subdivision | Funding |
| 650 ## - SUBJECT ADDED ENTRY--TOPICAL TERM | |
| General subdivision | Philippines |
| Withdrawn status | Lost status | Damaged status | Home library | Current library | Shelving location | Date acquired | Total Checkouts | Full call number | Barcode | Date last seen | Price effective from | Koha item type |
|---|---|---|---|---|---|---|---|---|---|---|---|---|
| College Library | College Library | 06/09/2015 | PN 1995.9.P7 .E838 2015 | T0747 | 05/15/2018 | 06/09/2015 | Theses |